The reality of aid 1998-1999: an independent review of poverty reduction and development assistance (Record no. 293355)

MARC details
000 -LEADER
fixed length control field 00658nam a2200205Ia 4500
008 - FIXED-LENGTH DATA ELEMENTS--GENERAL INFORMATION
fixed length control field 191130s1998##################000#0#eng##
020 ## - INTERNATIONAL STANDARD BOOK NUMBER
ISBN 9781849710503
082 ## - DEWEY DECIMAL CLASSIFICATION NUMBER
Classification number 338 RAN.11
100 ## - MAIN ENTRY--AUTHOR NAME
Personal name Randel, Judith
245 ## - TITLE STATEMENT
Title The reality of aid 1998-1999: an independent review of poverty reduction and development assistance
Statement of responsibility, etc Judith Randel, Tony German with Deborah Ewing
260 ## - PUBLICATION, DISTRIBUTION, ETC. (IMPRINT)
Place of publication London
Name of publisher Routledge
Year of publication 1998
300 ## - PHYSICAL DESCRIPTION
Number of Pages x, 260 p. ; 23 cm
650 ## - SUBJECT ADDED ENTRY--TOPICAL TERM
Topical Term Production
700 ## - ADDED ENTRY--PERSONAL NAME
Personal name Ewing, Deborah
Personal name German, Tony
991 ## -
-- 161538
Holdings
Withdrawn status Lost status Damaged status Not for loan Home library Current library Shelving location Date acquired Full call number Accession Number Price effective from Koha item type
        Anna Centenary Library Anna Centenary Library 4TH FLOOR, A WING 15.10.2020 338 RAN.11 400250 15.10.2020 English Books
        Anna Centenary Library Anna Centenary Library 4TH FLOOR, A WING 15.10.2020 338 RAN.11 440577 15.10.2020 English Books
        Anna Centenary Library Anna Centenary Library 4TH FLOOR, A WING 15.10.2020 338 RAN.11 445687 15.10.2020 English Books

Find us on the map